[Event "Styrian op U08/10 22nd"]
[Site "Mureck"]
[Date "2015.08.11"]
[Round "7"]
[White "Engelmaier, Andrej"]
[Black "Lackner, Simon"]
[Result "1-0"]
[WhiteElo "845"]
[BlackElo "800"]
[PlyCount "24"]
[EventDate "2015.08.05"]
[EventType "swiss"]
[EventRounds "9"]
[EventCountry "AUT"]
[SourceTitle "EXT 2017"]
[Source "ChessBase"]
[SourceDate "2016.10.25"]
[SourceVersion "1"]
[SourceVersionDate "2016.10.25"]
[SourceQuality "1"]

1. e4 e5 2. Nf3 Nc6 3. Bc4 Nf6 4. c3 d6 5. d4 Bg4 6. h3 Bxf3 7. Qxf3 Na5 8. dxe5 dxe5 9. Be2 Be7 10. b4 0-0 11. bxa5 b6 12. a6 b5 1-0